2025 MLB Pitching Statistical Leaders - Statistics

General Stats
  • This quiz has been taken 93 times
  • The average score is 14 of 30
Answer Stats
Players % Correct
Tarik Skubal
91%
Max Fried
85%
Paul Skenes
85%
Garret Crochet
74%
Christopher Sanchez
70%
Robert Suárez
68%
Yoshinobu Yamamoto
68%
Carlos Rodón
66%
Aroldis Chapman
60%
Logan Webb
51%
Hunter Brown
49%
Bryan Woo
47%
Framber Valdez
47%
Freddy Peralta
45%
Dylan Cease
38%
Carlos Estévez
36%
Jhoan Duran
36%
Sonny Gray
36%
Andrés Muñoz
34%
Kenley Jansen
34%
Nick Pivetta
34%
Matthew Boyd
32%
Andrew Abbott
30%
Jeff Hoffman
30%
Jesús Luzardo
26%
Raisel Iglesias
21%
Casey Mize
19%
Trevor Megill
19%
Emilio Pagán
15%
Brady Singer
9%
No matching quizzes found
Score Distribution
Percent of People with Each Score
Percentile by Number Answered
Your Score History
You have not taken this quiz